| 000 | 00850nam a2200241 i 4500 | ||
|---|---|---|---|
| 001 | 57397 | ||
| 003 | ES-MaACL | ||
| 005 | 20230906163553.0 | ||
| 007 | t| | ||
| 008 | 031016s1921 fr ||||1| fre d | ||
| 100 | 1 |
_aDriesch, Hans. _945639 |
|
| 245 | 1 | 3 |
_aLa philosophie de l'organisme / _cpar H. Driesch ; traduction de M. Kollmann ; préface de J. Maritain. |
| 260 |
_aParis : _bMarcel Rivière, _c1921 ( _eVilleneuve : _fL'Union Tipografica) |
||
| 300 |
_aXI, 234 p. ; _c23 cm. |
||
| 490 | 1 |
_aBibliothèque de philosophie expérimentale ; _v11 |
|
| 650 | 4 |
_aCiencia- _xFilosofía. _910950 |
|
| 650 | 4 |
_aBiología- _xFilosofía. _910585 |
|
| 700 | 1 |
_aKollmann, M. _968523 |
|
| 700 | 1 |
_aMaritain, Jacques. _976903 |
|
| 830 | 1 |
_aBibliothèque de philosophie expérimentale ; _v11 _9184341 |
|
| 852 |
_aES-MaACL _jC-3228 |
||
| 999 |
_c57397 _d57397 |
||